000 00468nam a2200181Ia 4500
001 17078
005 20260306170358.0
008 260306t2008||||xx |||||||||||||| ||und||
041 _aESP
082 _a657.45
_bJ89
100 _aFederación Internacional de Contadores
_eAUT
245 0 _aManual internacional de pronunciamientos de auditoría y aseguramiento
260 _c2008
300 _a
_c
650 _aGEN
654 _aCCO
942 _cLIB
_dJUS
_fJUS
_2ddc
_n
999 _c17078
_d17078